01368cam a2200301 a 450000100100000000500170001000800410002701000130006802000250008102500130010604000230011904300300014205000240017210000380019624501330023425000120036726000600037930000400043952001960047960000400067565000490071565000540076465000590081865000340087791000330091195201050094499900170104900001909520200929165924.0930402s1991 bg ab 000 0beng  a92903503 cTk25.00 ($4.00 U.S.) aB-E-7228 aDO-SdBNPcDLCdDLC aa-bg---aa-pk---aa-ii---00aJQ636.Z1bS577 19911 aRahman, Md. Lutfor,d1949-94108810aMuhammad Ali Sircar :bthe first of the world's officially recognized student-author from British India /cby Md. Lutfor Rahman. a5th ed. aDhaka, Bangladesh :bInternational Publications,c1991. axviii, 56 p. :bill., map ;c23 cm. aBiography of Muhammad Ali Sircar, b. 1923, retired civil servant from Bangladesh, who wrote Assam own copy book, a textbook in English for primary students, while he was a student of class X.10aSircar, Muhammad Ali,d1923-941089 0aCivil servicezBangladeshxBiography.941090 0aAuthors, bengaliy20th centuryxBiography.941091 0aEnglish languagexStudy and teaching (primary).941092 0aTextbooksxAuthorship.941093 aCatalogación derivada / LC 001050718MOaGRbGRcCTd2010-05-25iLF1l0o p19095-10r2020-06-25w2020-06-25y1ZNo se presta c18613d18613